LEADER 01007cam0-22003251i-450- 001 990004520070403321 005 20160606124146.0 035 $a000452007 035 $aFED01000452007 035 $a(Aleph)000452007FED01 035 $a000452007 100 $a19990604d1957----km-y0itay50------ba 101 0 $aeng 102 $aNL 105 $ay-------001yy 200 1 $a<>Legacy of Canaan$ethe Ras Shamra texts and their relevance to the Old Testament$fby John Gray 210 $aLeiden$cE. J. Brill$d1957 215 $aX, 243 p.$d24 cm 225 1 $aSupplements to Vetus Testamentum$v5 300 $aBibl. pp. 217-228 ; contiene frammenti deì testi 300 $aBibbia: archeologia, manoscritti e critica testuale 610 0 $aTradizioni religiose dei Cananei$aFonti 676 $a296.1 700 1$aGray,$bJohn$03348 801 0$aIT$bUNINA$gRICA$2UNIMARC 901 $aBK 912 $a990004520070403321 952 $a296.1 GRA 1$bBibl. 30848$fFLFBC 959 $aFLFBC 997 $aUNINA LEADER 02819 am 2200541 n 450 001 9910495794803321 005 20240104030443.0 010 $a2-88224-203-4 024 7 $a10.4000/books.ies.2287 035 $a(CKB)4100000008413467 035 $a(FrMaCLE)OB-ies-2287 035 $a(PPN)236940953 035 $a(EXLCZ)994100000008413467 100 $a20190611j|||||||| ||| 0 101 0 $afre 135 $auu||||||m|||| 200 00$aActualité de Foucault$eUne problématisation du travail social$fThierry Gutknecht 210 $aGenève$cÉditions ies$d2019 215 $a1 online resource (256 p.) 311 $a2-88224-143-7 330 $aLe travail social participe centralement à l?évolution de nos sociétés contemporaines, tant du point de vue de sa contribution au problème de la vulnérabilité, de la proximité qu?il entretient avec la population, du dialogue qu?il nourrit avec d?autres champs que par les critiques qu?il suscite. De cet aspect polymorphe découle l?intérêt de le considérer, pour reprendre une expression de Nietzsche, « avec le plus grand nombre d?yeux possible ». C?est dans une telle perspective que Thierry Gutknecht se propose de rendre compte de la complexité du travail social en empruntant au philosophe Michel Foucault certains concepts clefs ? pouvoir, savoir, dispositif, gouvernementalité, etc. ? ainsi que sa démarche de problématisation. Il s?agit alors de « partir du bas », c?est-à-dire de la pratique et de textes de base (lois, référentiels, actes de journées thématiques, etc.) afin d?aborder certains aspects de ce champ en les posant comme problèmes demandant à être pensés d?un point de vue global. Au final, le travailleur social se retrouve interpellé quant à la centralité d?une interrogation sur le devenir de la Cité ; autrement dit, se pose la question du positionnement, non seulement éthique mais aussi politique et sociétal, du professionnel. 606 $aSocial Work 606 $aéthique 606 $apolitiques publiques 606 $apouvoir 606 $atravail social 606 $acritique 606 $aassujetissement 606 $agouvernementalité 606 $apolitiques sociales 606 $aproblématisation 615 4$aSocial Work 615 4$aéthique 615 4$apolitiques publiques 615 4$apouvoir 615 4$atravail social 615 4$acritique 615 4$aassujetissement 615 4$agouvernementalité 615 4$apolitiques sociales 615 4$aproblématisation 700 $aGutknecht$b Thierry$01457624 701 $aJonckheere$b Claude de$01276335 801 0$bFR-FrMaCLE 906 $aBOOK 912 $a9910495794803321 996 $aActualité de Foucault$93657996 997 $aUNINA